[Event "Pan American-ch U20"]
[Site "Cali"]
[Date "2005.10.17"]
[Round "3"]
[White "Gonzalez, Nicolas"]
[Black "Castano, Jhon Edison"]
[Result "0-1"]
[WhiteElo "1800"]
[BlackElo "1800"]
[PlyCount "54"]
[EventDate "2005.10.16"]
[EventType "swiss"]
[EventRounds "9"]
[EventCountry "COL"]
[SourceTitle "EXT 2007"]
[Source "ChessBase"]
[SourceDate "2006.11.23"]
[SourceVersion "1"]
[SourceVersionDate "2006.11.23"]
[SourceQuality "1"]

1. e4 c5 2. Nf3 d6 3. d4 cxd4 4. Nxd4 Nf6 5. Nc3 a6 6. f3 e6 7. Be3 b5 8. Qd2 Nbd7 9. g4 h6 10. h4 Bb7 11. 0-0-0 b4 12. Nce2 d5 13. Ng3 dxe4 14. g5 Nd5 15. fxe4 Nxe3 16. Qxe3 hxg5 17. hxg5 Rxh1 18. Nxh1 Be7 19. Nf3 Qc7 20. Kb1 Bc5 21. Qe2 Qf4 22. Re1 Rd8 23. Bg2 Ke7 24. Qd2 Qxd2 25. Nxd2 Ne5 26. Nb3 Bb6 27. Ng3 Bf2 0-1